00461nam a2200145Ia 4500008004100000041000800041082001200049100001600061245002900077260003800106300002400144365001100168999001700179952011900196240624s9999 xx 000 0 und d aeng a658 MAD aMADURA JEFF aFUNDAMENTALS OF BUSINESS c2013aNew DelhibCengage Learning a456 : p. : cm. ; 24 cRSb31 c25280d25280 00104070aIMTNbIMTNcRack 22-Bd2015-10-08eWBDg435.00o658 MADp25280r2024-06-24 00:00:00t1w2024-06-24yBK